000 00728nam a22002177a 4500
005 20170208111557.0
010 _aENG-113586
020 _a9780415711067
_c995.00
035 _aEN-97118
037 _bDBAD/PUB
082 _a390
245 _aExploring the senses /
_cedited by Axel Michaels [and] Christoph Wulf
260 _aNew Delhi
_bRoutledge
_c2014
270 _a912 Tolstoy House, 15-17 Tolstoy Marg, Connaught Place
_bNew Delhi
_e110001
300 _avi,342p.
_c24cm(Hb)
490 _aSouth Asian and European perspectives on rituals and performativity
500 _aIncludes bibliographical references
700 _aMichaels, Axel
700 _aWulf, Christoph
942 _2ddc
_cEN
_mEXP
_h390
999 _c95160
_d95160